000 01296nam a2200385Ia 4500
999 _c200447988
_d66200
003 TR-AnTOB
005 20220316091406.0
007 ta
008 110712s2008 tu 000 0 tur d
020 _a9757982083
020 _a9789757982081
040 _aTR7RH
_beng
_erda
_cITU
_dITU
_dTR-AnTOB
041 _atur
050 0 0 _aHC495.I55
_bK39 2008
090 _aHC495.I55
_bK39 2008
100 1 _aKazdağlı, Güneş
_eauthor.
_9119378
245 1 0 _aBir bilişim serüveni :
_bİnterpro /
_cGüneş Kazdağlı.
246 3 0 _aİnterpro.
264 1 _aİstanbul :
_bİnterpro Medya Yayıncılık,
_c2008.
300 _a242, [28] pages ;
_bill.ustrations;
_c31 cm.
336 _aText
_btxt
_2rdacontent
337 _aUnmediated
_bn
_2rdamedia.
338 _aVolume
_bnc
_2rdacarrier.
530 _aSert kapak
650 0 _aInformation technology
_zTurkey.
650 7 _aBilgi teknolojisi
_zTürkiye
_2etuturkob
_9100110
650 0 _aInformation technology
_xHistory
_y20th century.
650 7 _aBilgi teknolojisi
_zTarih
_y20. yüzyıl
_2etuturkob
_919748
650 0 _aComputer science.
650 0 _aBusiness
_xComputer programs.
650 7 _aİşletme
_xBilgisayar programları
_2etuturkob
_97987
710 2 _aİnterpro (Firm)
_9136024
942 _2lcc
_cBK